000 02186nam0a2200409 4500
001 RU\NLR\bibl\152691
005 20260407063849.0
010 _a5-9215-0010-0
_9300
021 _aRU
_b2001-3881
_9196
035 _a(NLR Aleph) 000149694
090 _a858832
_c858832
100 _a20010326d2000 |||y0rusy50 ca
101 0 _arus
102 _aRU
105 _aa |||||||||
200 1 _aРазработка энергосберегающих зданий для сельского строительства
_f[Иванов И.Н., Шишкин А.В., Саркисов С.К. и др.
_gПод общ. ред. И.Н. Иванова]
_eМ-во сел. хоз-ва Рос. Федерации, Гос. ун-т по землеустройству, Архит. фак.
210 _aМ.
_cГУЗ
_d2000
215 _a90 с.
_cил.
_d20
225 1 _aИтоги научно-исследовательской работы Государственного университета по землеустройству в 1996-2000 гг.
_vТ. 4
300 _aАвт. указаны на 5-й с.
320 _aБиблиогр.: с. 86-89
606 1 _aСельскохозяйственные здания и сооружения
_xТеплотехнический расчет
_91600449
_3RU\NLR\auth\661002725
610 0 _aСельские здания и постройки - теплоизоляция - Проектирование
675 _a728.6.004.183
_v3
_zrus
686 _a67.07
_2rugasnti
686 _a65.31
_2rubbk
686 _aН75-022.83
701 1 _4070
_8rus
_7ca
_aИванов
_bИ. Н.
_cканд. архитектуры
_gИван Николаевич
_3RU\NLR\auth\7780773
_963701
701 1 _aШишин
_bА. В.
_4070
701 1 _aСаркисов
_bС. К.
_4070
711 0 2 _aГосударственный университет по землеустройству
_cМосква
_bАрхитектурный факультет
_3RU\NLR\AUTH\8810031212
_9561067
801 0 _aRU
_bRKP
_c20010326
_gPSBO
801 1 _aRU
_bRKP
_c20010326
801 2 _aRU
_bNLR
_c20111128
_grcr
942 _cBOOK
980 _aNB